00000000nam 2200000zi 4500
0019.954253
003CaOODSP
00520250820105948
006m     o  d f      
007cr mn ||||||||
008250819e20241016oncd    obs  f000 0 fre d
040 |aCaOODSP|bfre|erda|cCaOODSP
043 |an-cn---
0861 |aCS82-003/2024-10-2F-PDF
1001 |aPolsky, Jane Y., |eauteur.
24514|aLes tendances associées à l’insécurité alimentaire des ménages tirées de l’Enquête sur la santé dans les collectivités canadiennes, 2017 à 2022 / |cpar Jane Y. Polsky.
264 1|a[Ottawa] : |bStatistique Canada = Statistics Canada, |cle 16 octobre 2024.
264 4|c©2024
300 |a1 ressource en ligne (pages 20-28) : |bgraphiques.
336 |atexte|btxt|2rdacontent/fre
337 |ainformatique|bc|2rdamedia/fre
338 |aressource en ligne|bcr|2rdacarrier/fre
4901 |aRapports sur la santé, |x1209-1375 ; |vvol. 35, no. 10, [2]
500 |aPublié aussi en anglais sous le titre : Trends in household food insecurity from the Canadian Community Health Survey, 2017 to 2022.
504 |aComprend des références bibliographiques (pages 27-28).
520 |a« L’insécurité alimentaire liée au revenu est un déterminant important de la santé. La présente étude visait à faire le point sur la situation de sécurité alimentaire des ménages canadiens à l’aide des plus récentes données disponibles tirées d’une enquête nationale axée sur la santé. L’étude porte également sur les tendances associées à l’insécurité alimentaire depuis 2017 et leur évolution selon les variations de l’inflation des prix » -- Page 20.
650 6|aSécurité alimentaire|zCanada|vStatistiques.
650 6|aMénages (Statistique)|zCanada|vStatistiques.
650 6|aRevenu|zCanada|vStatistiques.
655 7|aStatistiques|2rvmgf
7102 |aStatistique Canada, |eorganisme de publication.
77508|tTrends in household food insecurity from the Canadian Community Health Survey, 2017 to 2022 / |w(CaOODSP)9.954251
830#0|aRapports sur la santé (Collection)|x1209-1375 ; |vvol. 35, no. 10, [2].|w(CaOODSP)9.950257
85640|qPDF|s430 Ko|uhttps://publications.gc.ca/collections/collection_2025/statcan/82-003-x/CS82-003-2024-10-2-fra.pdf
85641|qHTML|sS.O.|uhttps://www150.statcan.gc.ca/n1/pub/82-003-x/2024010/article/00002-fra.htm